=LDR 00000nam 2200000 4500 =001 000355 =005 20250710025053 =035 ##$$a 0010-0725000211 =007 ta =008 250710################a##########0#ind## =020 ##$$a 978-623-118-834-2 =082 ##$$a 398.209 598 =084 ##$$a 398.209 598 ADI g =100 #$$a Adiputri, Zulfa Utami =245 1#$$a Gara-gara Ole /$c Zulfa Adiputri =250 ##$$a Cetakan Pertama =260 ##$$a Jakarta Timur :$b Badan Pengembangan dan Pembinaan Bahasa,$c 2024 =300 ##$$a 28 hlm. : $b Ilus. ; $c 29,7 cm =650 #4$$a Cerita Anak - Indonesia =650 #4$$a Cerita Bergambar =856 ##$$a TBM As-suhada =990 ##$$a TBM00700070